000 00882nam a22003017a 4500
003 CHAP
005 20240419085917.0
008 971013s2011 mx r 00010 spa d
010 _a10934
011 _a11906
035 _a11718
040 _cCHAP
090 _aFolleto 18225
100 0 0 _aZepeda del Valle, Juan Manuel.
_9123920
245 1 0 _aRómulo Escobar :
_bagrónomo ilustre
260 _aChapingo, Méx. :
_bUACH,
_c2011
300 _a26 p.
590 _aBATCH-UPD
_b10
_c20130110
590 _aBATCH-UPD
_b10
_c20130409
590 _aBATCH-UPD
_b10
_c20130410
590 _aBATCH-UPD
_b10
_c20130914
590 _aCONVERSION
_b10
_c20130109
600 1 4 _aEscobar Zerman, Rómulo
_d(1872-1946),
_937525
650 0 4 _aAgrónomos mexicanos
_xBiografía.
_92209
901 _aBK
942 _cFOLL
_2ddc
949 _aFolleto 18225
_bBC
_cFOLL
_d33724002324149
_eTS1
_i11718
_sb
999 _c10934
_d10934